| Registos Bibliográficos associados ao registo de autoridade |
|
Etiqueta de registo: 00000nam 2200025 450 001 2288177 003 http://id.bnportugal.gov.pt/bib/catbnp/2288177 100 ## $a20260618d2023 k y0pory01030103ba 101 0# $apor$deng 102 ## $aPT 105 ## $aa m 000yy 106 ## $ar 200 1# $aQuando é desenho?$fSebastião Eva Ferreira Castelo Lopes$gorient. João Manuel da Rocha Jacinto 210 #9 $aLisboa$c[s.n.],$d2023 215 ## $aXXVII, 181, 10 p.$cil.$d30 cm 328 #1 $aTese dout. Belas-Artes (Desenho), Faculdade de Belas-Artes, Universidade de Lisboa,
2023 700 #1 $aLopes,$bSebastião Eva Ferreira Castelo$32000929 702 #1 $aJacinto,$bJoão Manuel da Rocha$4727$31211396 801 #0 $aPT$bBN$gRPC 966 ## $lBN$mFGMON$x1 971 ## $corlando$d20260618
|
|
|